| 000 | nam a22 a 4500 | ||
|---|---|---|---|
| 999 |
_c425235 _d425235 |
||
| 003 | BLK | ||
| 005 | 20221111133115.0 | ||
| 008 | 210726b bul|||||r ||||||| ||bul|| | ||
| 020 | _a9786190207757 | ||
| 040 | _aBLK | ||
| 041 |
_aBUL _cBUL |
||
| 080 |
_aБългарска литература _b821.163.2 _x-32 _z821.163.2-32 |
||
| 100 | 1 |
_aВагенщайн, Анжел Раймонд _eпърви автор _9269783 |
|
| 139 |
_aВагенщайн, Анжел Раймонд _bВ 13 |
||
| 245 | 1 | 0 |
_aОтвъд стените _bРазкази и новели _cАнжел Вагенщайн. |
| 257 | _aBGR | ||
| 260 |
_aСофия _bКолибри _c2021 _fКостинброд : Мултипринт |
||
| 300 |
_a158 с. _c21 см |
||
| 380 | _aX | ||
| 500 | _aБиогр. данни за авт. | ||
| 852 |
_aЦб 308226 _bЦб |
||
| 942 |
_cKNG _n0 _s1 _012 |
||
| 944 |
_aCR _c2021-07-26 _kГГГ |
||